Effects of the essential oil of Lippia gracilis Schauer on caulinary shoots of heliconia cultivated in vitro (Registro n. 298772)
[ somente texto ]
| 000 -LÍDER | |
|---|---|
| fixed length control field | 03508nab a2200313 i 4500 |
| 003 - CÓDIGO MARC DA AGÊNCIA CATALOGADORA | |
| Campo de controle | BR-BrBNA |
| 005 - DATA E HORA DA ÚLTIMA ATUALIZAÇÃO | |
| Campo de controle | 20240313104206.0 |
| 008 - CAMPO DE TAMANHO FIXO | |
| fixed length control field | 240313b2012 bl.qr|pooa||| 00| 0 eng | |
| 040 ## - FONTE DA CATALOGAÇÃO | |
| Agência catalogadora | BR-BrBNA |
| Idioma da catalogação | eng |
| 072 ## - CATEGORIA AGRIS | |
| Código AGRIS | H20 |
| 072 ## - CATEGORIA AGRIS | |
| Código AGRIS | F02 |
| 100 ## - ENTRADA PRINCIPAL - NOME PESSOAL | |
| Nome pessoal | Albuquerque, C.C. |
| 100 ## - ENTRADA PRINCIPAL - NOME PESSOAL | |
| Nome pessoal | Camara, T.R. |
| 100 ## - ENTRADA PRINCIPAL - NOME PESSOAL | |
| Nome pessoal | Sant’ana, A.E.G. |
| 100 ## - ENTRADA PRINCIPAL - NOME PESSOAL | |
| Nome pessoal | Ulisses, C. |
| 100 ## - ENTRADA PRINCIPAL - NOME PESSOAL | |
| Nome pessoal | Willadino, L. |
| 100 ## - ENTRADA PRINCIPAL - NOME PESSOAL | |
| Nome pessoal | Marcelino Júnior, C. |
| 245 ## - TÍTULO PRINCIPAL | |
| Título principal | Effects of the essential oil of Lippia gracilis Schauer on caulinary shoots of heliconia cultivated in vitro |
| 500 ## - NOTA GERAL | |
| Nota geral | Publicação on-line; 28 ref.; 2 tables; 5 illus.; Summaries (En, Pt) |
| 942 ## - ADDED ENTRY ELEMENTS (KOHA) | |
| Koha item type | |
| 520 ## - NOTA DE RESUMO | |
| Nota de conteúdo | <br/><br/>ABSTRACT: <br/><br/>The effects of thymol and carvacrol and the essential oil of Lippia gracilis on caulinary<br/>shoots of heliconia were evaluated. After disinfection, the shoots were inoculated into MS medium<br/>and subjected to the treatments with 420 L L-1 of essential oil (EO) of L. gracilis; 420 L L-1 of<br/>thymol; 420 L L-1 of carvacrol; 210 L L-1 of thymol and 210 L L-1 of carvacrol. The control<br/>treatment consisted of the MS medium without any phytoregulators. The main components of EO<br/>from L. gracilis are carvacrol, ρ-cimene, and thymol. Seven days after the initiation of the<br/>experiments, 36.3% of the control treatment shoots were necrotized, but 90% of the caulinary<br/>shoots exposed to EO, thymol, or carvacrol appeared necrotized. Transmission electron<br/>microscopy of the shoots revealed that the treatment with EO, thymol, or carvacrol caused the<br/>destruction of the plasma cell membranes, and the cell organelles and the nucleus were hardly<br/>evident. The EO and its main constituent were toxic to caulinary shoots of heliconia.<br/><br/>Key words: culture in vitro, bacteria, monoterpenes, phytotoxic, antimicrobial |
| 520 ## - NOTA DE RESUMO | |
| Nota de conteúdo | <br/><br/>RESUMO: <br/><br/>Efeito do óleo essencial de Lippia gracilis Schauer sobre ápices caulinares de<br/>heliconia cultivadas in vitro. O efeito do timol, carvacrol e óleo essencial de Lippia gracilis foi<br/>observado sobre ápices caulinares de heliconia. Após a desinfestação os ápices foram inoculados<br/>em meio MS com os tratamentos de 420 L L-1 do óleo essencial (OE) de L. gracilis; 420 L L-1<br/>de timol; 420 L L-1 de carvacrol; 210 g L-1 de timol e 210 L L-1 de carvacrol. O tratamento<br/>controle consistiu de meio MS sem fitorreguladores. Os principais componentes do OE foram<br/>carvacrol, ρ-cimeno e timol. Sete dias após o início do experimento 36,3% dos ápices submetidos<br/>ao tratamento controle e 90% dos ápices caulinares expostos ao EO, timol ou carvacrol<br/>necrosaram. A microscopia eletrônica de transmissão dos ápices caulinares revelou que os<br/>tratamentos com OE, timol e carvacrol provocaram desestruturação da membrana plasmática<br/>das células. As organelas e o núcleo não estavam evidentes. O OE e seus principais constituintes<br/>foram tóxico para os ápices caulinares de helicônias.<br/><br/>Palavras-chave: cultivo in vitro, bactéria, monoterpenos, fitotoxidez, antimicrobiano |
| 650 ## - ASSUNTO - THESAGRO | |
| Cabeçalho tópico ou nome geográfico | CULTURA IN VITRO |
| 650 ## - ASSUNTO - THESAGRO | |
| Cabeçalho tópico ou nome geográfico | BACTÉRIA |
| 650 ## - ASSUNTO - THESAGRO | |
| Cabeçalho tópico ou nome geográfico | FITOTOXICIDADE |
| 773 0# - ENTRADA ANALÍTICA | |
| Host Biblionumber | 3543 |
| Registro do item | 313852 |
| Imprenta | Botucatu-SP Instituto de Biociências - Departamento de Química e Bioquímica 1998 |
| Outro identificador | 2024-0124 |
| Título | Revista Brasileira de Plantas Medicinais (Brazil) |
| ISSN | 1516-0572 |
| Colação | v. 14(1) p. 26-33; (2012) |
| Número de controle de registro | BR2024000148 |
| 856 ## - ACESSO E ENDEREÇO ELETRÔNICO | |
| Identificador uniforme de recurso - URI | https://www.scielo.br/j/rbpm/a/L4xhy4k98HDR6RS94qYkdDz/?format=pdf&lang=en |
Nenhum exemplar disponível.

BINAGRI